Catalog

Record Details

Catalog Search



Networks: From Biology to Theory Cover Image E-book E-book

Networks: From Biology to Theory [electronic resource] / edited by Jianfeng Feng, Jürgen Jost, Minping Qian.

Feng, Jianfeng. (editor.). Jost, Jürgen. (editor.). Qian, Minping. (editor.). SpringerLink (Online service) (Added Author).

Record details

  • ISBN: 9781846287800
  • Physical Description: XXV, 313 p. online resource.
  • Publisher: London : Springer London, 2007.
Subject: Computer science.
Computer Communication Networks.
Bioinformatics.
Computer Science.
Computer Communication Networks.
Bioinformatics.

Electronic resources


LDR 01417nam a22003975i 4500
00121648
003CONS
00520131216171200.0
007cr nn 008mamaa
008100301s2007 xxk| s |||| 0|eng d
020 . ‡a9781846287800 ‡9978-1-84628-780-0
0247 . ‡a10.1007/978-1-84628-780-0 ‡2doi
035 . ‡a(DE-He213)978-1-84628-780-0
050 4. ‡aTK5105.5-5105.9
072 7. ‡aUKN ‡2bicssc
072 7. ‡aCOM075000 ‡2bisacsh
1001 . ‡aFeng, Jianfeng. ‡eeditor.
24510. ‡aNetworks: From Biology to Theory ‡h[electronic resource] / ‡cedited by Jianfeng Feng, Jürgen Jost, Minping Qian.
264 1. ‡aLondon : ‡bSpringer London, ‡c2007.
300 . ‡aXXV, 313 p. ‡bonline resource.
336 . ‡atext ‡btxt ‡2rdacontent
337 . ‡acomputer ‡bc ‡2rdamedia
338 . ‡aonline resource ‡bcr ‡2rdacarrier
347 . ‡atext file ‡bPDF ‡2rda
650 0. ‡aComputer science.
650 0. ‡aComputer Communication Networks.
650 0. ‡aBioinformatics.
65014. ‡aComputer Science.
65024. ‡aComputer Communication Networks.
65024. ‡aBioinformatics.
7001 . ‡aJost, Jürgen. ‡eeditor.
7001 . ‡aQian, Minping. ‡eeditor.
7102 . ‡aSpringerLink (Online service)
7730 . ‡tSpringer eBooks
77608. ‡iPrinted edition: ‡z9781846284854
85640. ‡uhttp://biblioteca.ipicyt.edu.mx:2048/login?url=http://dx.doi.org/10.1007/978-1-84628-780-0 ‡yTexto completo ‡9CONS
950 . ‡aComputer Science (Springer-11645)
901 . ‡a21648 ‡b ‡c21648 ‡tbiblio ‡sSystem Local

Additional Resources